| 000 | 00572nam a2200181Ia 4500 | ||
|---|---|---|---|
| 008 | 151018s9999 xx 000 0 und d | ||
| 082 |
_bRBASDV5709 _a891.462 |
||
| 100 | _aवि म जोशी | ||
| 245 | _aपरत अपुली जडेल का? | ||
| 250 | _b1 | ||
| 260 |
_bअरुण प्रकाशन _c1963 |
||
| 300 | _a84 | ||
| 600 | _aवि म जोशी | ||
| 630 | _aपरत अपुली जडेल का? | ||
| 700 | _aवि म जोशी | ||
| 730 | _aपरत अपुली जडेल का? | ||
| 942 | _cBOOK | ||
| 999 |
_c1008091 _d1008088 |
||